000 00752nam a2200229 a 4500
001 000022601
005 20200930021708.0
008 101014s2007 dr 000 0 fre d
020 _a9993580414
040 _aDO-SdBNP
_bfre
_cBNPHU
082 _axxxx
_bL579p
100 1 _aLeón, Rulx
_946513
245 1 0 _aSimples Propos d´histoire /
_cRulx León ; prefacio Stenio Vincent.
260 _aSanto Domingo :
_bFundación Global Democracia y Desarrollo,
_c2007.
300 _av. ;
_c21 cm.
490 1 _aDu Bicentenaire
500 _aLa biblioteca posee el tomo I y tomo II
504 _aIncluye referencias bibliográficas y notas al pie de las páginas
700 1 _aVincent, Stenio
_946514
830 0 _aDu Bicentenaire
_946515
049 _aBNPD
999 _c22098
_d22098